000 01159nam a22002657a 4500
005 20120806112954.0
008 120806t xxu||||| |||| 00| 0 eng d
010 _aENG-105502
020 _a9788180697296
_c850.00
020 _a8180697290
_c850.00
035 _aEN-89035
037 _bDBAD / PUB
040 _adpl
_bEnglish
082 _a300.72
100 _aTanner, R.E.S.
_950740
245 _aChance and probability :
_cby R.E.S. Tanner.
_bthe limitations of the social sciences /
260 _aNew Delhi
_bConcept Publishing
_c2011
270 _aA/15-16, Commercial Block, Mohan Garden
_bNew Delhi
_e110059
300 _axvi, 342p.
_c23cm(Hb)
500 _aIncludes bibliographical references (p. [309]-330) and index.
505 _apt. A. Social science and human behaviour -- pt. B. Chance affecting the nature and outcomes of research -- pt. C. Probability : professionalized guessing.
650 _aSocial sciences
_xResearch.
_950769
942 _2ddc
_cEN
_mTAN
_h300.72
999 _c68878
_d68878